The Town and Country Planning (General Development Procedure) (Amendment) (No. 2) (England) Order 2009 (Record no. 109650)

MARC details
000 -LEADER
fixed length control field 01221cad a22002535a 4500
001 - CONTROL NUMBER
control field E147608
008 - FIXED-LENGTH DATA ELEMENTS--GENERAL INFORMATION
fixed length control field 090528s2009 xxk f lf000 0 eng d
035 ## - SYSTEM CONTROL NUMBER
System control number (Sirsi) u147608
041 0# - LANGUAGE CODE
Language code of text/sound track or separate title eng
050 04 - LIBRARY OF CONGRESS CALL NUMBER
Classification number 711.1 $2 18
110 2# - MAIN ENTRY--CORPORATE NAME
Corporate name or jurisdiction name as entry element United Kingdom
Form subheading Laws, etc.
9 (RLIN) 5044
245 04 - TITLE STATEMENT
Title The Town and Country Planning (General Development Procedure) (Amendment) (No. 2) (England) Order 2009
Medium [electronic resource]
260 ## - PUBLICATION, DISTRIBUTION, ETC.
Place of publication, distribution, etc. London
Name of publisher, distributor, etc. OPSI
Date of publication, distribution, etc. 2009
490 #0 - SERIES STATEMENT
Series statement SI
Volume/sequential designation 2009: 1304
520 ## - SUMMARY, ETC.
Summary, etc. Amends article 2B of the Town and Country Planning (General Development Procedure) Order 1995, to remove those provisions which relate to local development orders implementing policies in local development plans or development plan documents. Comes into force 23 June 2009.
521 ## - TARGET AUDIENCE NOTE
Target audience note Advanced
590 ## - LOCAL NOTE (RLIN)
Local note KA NTK
650 24 - SUBJECT ADDED ENTRY--TOPICAL TERM
Topical term or geographic name entry element TOWN AND COUNTRY PLANNING (GENERAL DEVELOPMENT PROCEDURE) (AMENDMENT) (NO. 2) (ENGLAND) ORDER 2009
650 24 - SUBJECT ADDED ENTRY--TOPICAL TERM
Topical term or geographic name entry element TOWN AND COUNTRY PLANNING (GENERAL DEVELOPMENT PROCEDURE) ORDER 1995
651 #4 - SUBJECT ADDED ENTRY--GEOGRAPHIC NAME
Geographic name England
Chronological subdivision 886-
690 ## - LOCAL SUBJECT ADDED ENTRY--TOPICAL TERM (OCLC, RLIN)
Topical term or geographic name as entry element Planning and development
9 (RLIN) 6259
856 40 - ELECTRONIC LOCATION AND ACCESS
Uniform Resource Identifier <a href="https://www.opsi.gov.uk/si/si2009/uksi_20091304_en_1">https://www.opsi.gov.uk/si/si2009/uksi_20091304_en_1</a>
Public note View the item free of charge at www.opsi.gov.uk...
942 ## - ADDED ENTRY ELEMENTS (KOHA)
Suppress in OPAC 0
Holdings
Withdrawn status Lost status Source of classification or shelving scheme Damaged status Not for loan Home library Current library Shelving location Date acquired Total Checkouts Full call number Barcode Date last seen Copy number Price effective from Koha item type
    Dewey Decimal Classification     Virtual Virtual Online 28/05/2009   ONLINE PUBLICATION 147608-2001 06/08/2019 1 06/08/2019 Book